000 00483cam a22001577a 4500
008 180718b2001 xxu||||| |||| 00| 0 eng d
020 _a0195216008
082 _aT19x5 St52
245 _aRethinking the East Asia miracle
_cedited by Joseph E. Stiglitz and Shahid Yusuf
260 _aWashington, D.C.
_bWorld Bank
_c2001
300 _a526p.
650 _aFinanace - East Asia
650 _aEast Asia - Economic conditions
700 _aYusuf, Shahid
700 _aStiglitz, Joseph E.
999 _c286365
_d286365